00313pam a2200121 a 4500020000500000041000800005082001500013100001700028245009900045250001000144260002700154300001000181 c aeng a332.1bMAH aMahajan M.,. aBanking And Finance: Banking And Economics Development In India (T.Y.B.Com)hTextual Documents a1995. aPunebNirali Prakashan a242p.